MAASAI MARA UNIVERSITY

LIBRARY CATALOGUE

Contact Us: +254 020 2685356/7 or 0774 057787

Box: 861-20500, NAROK, KENYA

Email: info@mmarau.ac.ke

Jan,A.K (Record no. 199)

MARC details
000 -LEADER
fixed length control field 00385nam a2200133Ia 4500
008 - FIXED-LENGTH DATA ELEMENTS--GENERAL INFORMATION
fixed length control field 151015s9999 xx 000 0 und d
020 ## - INTERNATIONAL STANDARD BOOK NUMBER
International Standard Book Number 8121920922
050 ## - LIBRARY OF CONGRESS CALL NUMBER
Classification number HV29.7.535 2008
245 ## - TITLE STATEMENT
Title Jan,A.K
250 ## - EDITION STATEMENT
Edition statement _Professional communication skills Jain A.k
300 ## - PHYSICAL DESCRIPTION
Extent Newdelhi S. Chand & Company Ltd 2008
650 ## - SUBJECT ADDED ENTRY--TOPICAL TERM
Topical term or geographic name as entry element _communication skills
700 ## - ADDED ENTRY--PERSONAL NAME
Personal name ^d20101208 10:38:02^oanne

No items available.

© 2016 Maasai Mara University.